| 000 | 00735nam a2200241 i 4500 | ||
|---|---|---|---|
| 001 | 18543 | ||
| 003 | ES-MaACL | ||
| 005 | 20240209181029.0 | ||
| 007 | t| | ||
| 008 | 011105s2001 sp ||||1| spa d | ||
| 020 | _a84-7090-362-4 | ||
| 080 | _a940.18 | ||
| 100 | 0 |
_aMayer, H.E ( _qHans Eberhard) _979354 |
|
| 245 | 1 | 0 |
_aHistoria de las cruzadas / _cHans Eberhard Mayer ; traducción de Jesús Espino Nuño. |
| 260 |
_aMadrid : _bIstmo, _c[2001] |
||
| 300 |
_a446 p. ; _c18 cm. |
||
| 490 | 1 |
_aFundamentos ; _v197 |
|
| 650 | 4 |
_aCruzadas. _911463 |
|
| 700 | 1 |
_aEspino Nuño, Jesús. _947864 |
|
| 830 | 0 | 0 |
_aFundamentos (Ediciones Istmo) _v197 _9121682 |
| 852 |
_aES-MaACL _jL-25117 _bR.130496 |
||
| 999 |
_c18543 _d18543 |
||